Youngest Presidents - Statistics

General Stats
  • This quiz has been taken 91 times
  • The average score is 4 of 6
Answer Stats
Age President % Correct
47 Barack Obama
98%
43 John F. Kennedy
96%
42 Theodore Roosevelt
83%
46 Bill Clinton
75%
46 Ulysses S. Grant
56%
47 Grover Cleveland
38%
No matching quizzes found
Score Distribution
Percent of People with Each Score
Percentile by Number Answered
Your Score History
You have not taken this quiz